LEADER 01998nam a2200313 u 4500 001 000000091679 003 CaOOAMICUS 005 20070226124845.0 008 060324n be u000 u lat u 035 $a11082960 040 $aPUL(R)$bita 041 1 $alat$agrc 100 0 $aGregorius Nyssenus,$cs.,$dc. 335-c. 394.$0(OLS)http://pul/name/3044 240 10$aOpere$9(Gregorius Nyssenus, s., vesc., c. 335-394?).$lLatino e greco.$0(OLS)http://pul/title/118306 245 14$aTon en aghiois patros hemon Gregoriou episkopou Nysses ta euriskomena panta. S.P.N. Gregorii episcopi Nysseni opera quae reperiri potuerunt omnia (ed. Morelli 1638) nunc denuo correctius et accuratius edita et multis aucta /$caccurante Jacques-Paul Migne. 246 31$aS.P.N. Gregorii episcopi Nysseni opera quae reperiri potuerunt omnia (ed. Morelli 1638) nunc denuo correctius et accuratius edita et multis aucta 260 $aTurnholti :$bTyp. Brepols ed.,$c[s.d.] 300 $a1276 col. ;$c27 cm 490 1 $aPatrologiae graecae ;$v46 546 $aTesto in greco e latino. 700 1 $aMigne, Jacques Paul,$csac.,$d1800-1875.$0(OLS)http://pul/name/4478 830 0$aPatrologiae graecae ;$v46.$0(OLS)http://pul/title/118309 850 $aPUL 852 $aPUL$W1$xDP1 Fondo Seidl$y56$m2 B 2$j115175$nBK-PRI$b $qFondi$B115432$CPULBib$Z2$F115432 $H $81 900 $aGregorio di Nissa,$cs.,$dc. 335-c. 394$93044 941 1 $a1 996 $6245$aTon en aghiois patros hemon Gregoriou episkopou Nysses ta euriskomena panta. S.P.N. Gregorii episcopi Nysseni opera quae reperiri potuerunt omnia (ed. Morelli 1638) nunc denuo correctius et accuratius edita et multis aucta$9(OLS)http://pul/title/118307 996 $6246$aS.P.N. Gregorii episcopi Nysseni opera quae reperiri potuerunt omnia (ed. Morelli 1638) nunc denuo correctius et accuratius edita et multis aucta$9(OLS)http://pul/title/118308 996 $6260$aTurnholti :$bTyp. Brepols ed.$9(OLS)http://pul/publisher/78874 LEADER 01232nam a2200265 a 4500 001 000000149746 003 CaOOAMICUS 005 20160225134844.0 008 160225s1960 gw u000 u ger r 032 $aLibriCat 040 $aPUL$bita 100 1 $aLengsfeld, Peter.$0(OLS)http://pul/name/28451 245 10$aÜberlieferung :$btradition und Schrift in der evangelischen und katholischen Theologie der Gegenwart /$cPeter Lengsfeld. 260 $aPaderborn :$bBonifacius-Druckerei,$c1960. 300 $a229 p. ;$c20 cm 490 1 $aKonfessionskundliche und kontroverstheologische Studien ;$v03 504 $aBibliografia in nota. 650 4$aTeologia$xStudi.$0(OLS)http://pul/subject/36481 830 0$aKonfessionskundliche und kontroverstheologische Studien ;$v03.$0(OLS)http://pul/title/18588 850 $aPUL 852 $aPUL$W1$xDP1 Fondo Bordoni$y120$m3 I 80$j167093$qFondi$B174091$CPULBib$Z2$F174091 $HBor741 $81 941 1 $a1 996 $6245$aÜberlieferung :$btradition und Schrift in der evangelischen und katholischen Theologie der Gegenwart$9(OLS)http://pul/title/188773 996 $6260$aPaderborn :$bBonifacius-Druckerei$9(OLS)http://pul/publisher/53701 LEADER 01704namaa2200373 i 4500 001 000000177308 003 CaOOAMICUS 005 20240925130515.0 008 240925s2024 it u000 u ita r 020 $a978-88-372-3832-2* 032 $aLibriCat 040 $aPUL$bita 082 14$a296 100 1 $aManzone, Andrea ,$csac.,$d1988-$0(OLS)http://pul/name/113325 245 12$aL'uomo, bisogno di Dio :$bla teoantropologia religiosa di Abraham J. Heschel /$cAndrea Manzone; prefazione di Bruno Forte. 260 $aBrescia :$bMorcelliana,$c©2024. 300 $a160 pagine ;$c21 cm 336 $atesto$btxt$2rdacontent 337 $asenza mediazione$bn$2rdamedia 338 $avolume$bnc$2rdacarrier 490 1 $aQuaderni per l'università ;$v28 504 $aBibliografia in nota a piè pagina. 600 14$aHescel, Abraham Joshua,$d1907-1972.$0(OLS)http://pul/subject/35395 650 04$aTeoantropologia.$0(OLS)http://pul/subject/46895 700 1 $aForte, Bruno,$carciv. di Chieti-Vasto,$d1949-,$eautore di introduzione.$0(OLS)http://pul/name/11848 830 0$aQuaderni per l'università (Morcelliana) ;$v28.$0(OLS)http://pul/title/27360 850 $aPUL 852 $aPUL$W1$xSL Religione 3$y85$m296 MANAN 1$j201267$qDDC 21$B206262$CPULBib$Z2$F206262 $H137370 $82 941 1 $a9 996 $6020$a978-88-372-3832-2*$9(OLS)http://pul/number/170023 996 $6082$a296$9(OLS)http://pul/classification/303 996 $6245$aL'uomo, bisogno di Dio :$bla teoantropologia religiosa di Abraham J. Heschel$9(OLS)http://pul/title/218814 996 $6260$aBrescia :$bMorcelliana$9(OLS)http://pul/publisher/47854